000 01062cab a2200253 4500
001 ABS52777
008 090401t1995 xxu||||| |||| 00| 0 eng d
035 _a(Sirsi) u48
041 _aeng
100 _aNeuberger, David Edmond
_cSir
_d1948-
245 _aProperty besieged
260 _c1995
350 _a0
490 _aEstates Gazette
_v(9517) 29 April 1995, 115-118(4)
520 _aA CPD special lecture, in which the author refutes suggestions that property owners are `receiving a raw deal`. Illustrates the argument by considering original tenant liability, upwards-only reviews, environmental legislation and property taxation. However, it is proposed that the property industry needs to adapt to changing requirements to ensure success. Refers to drafting of leases and the surveyor as arbitrator.
650 _aARBITRATION ISSUES
650 _aPROPERTY OWNERSHIP
650 _aRATING
650 _aUPWARD ONLY RENT REVIEWS
690 _aLandlord and tenant
_96252
690 _aPROPERTY LAW AND PRACTICE
942 _n0
948 _c04/03/1997
999 _c20
_d20